[Event "31.Schlosspark-Open"]
[Site "Wiesbaden-Biebrich"]
[Date "2019.08.23"]
[Round "3.26"]
[White "Heindrich, Mark"]
[Black "Buehler, Severin"]
[Result "1-0"]
[WhiteElo "2094"]
[BlackElo "1918"]
[PlyCount "93"]
[EventDate "2019.??.??"]
[WhiteTeam "TuS Dotzheim"]
[BlackTeam "Heilbronner SV"]

1. e4 c5 2. Nf3 d6 3. c3 Nf6 4. Be2 Nc6 5. d4 cxd4 6. cxd4 g6 7. Nc3 Bg7 8. O-O
O-O 9. h3 d5 10. exd5 Nxd5 11. Be3 h6 12. Rc1 Be6 13. a3 Rc8 14. Ne4 Rc7 15. b4
Nxe3 16. fxe3 Bd5 17. Nc5 b6 18. Nd3 e6 19. Qa4 Qd6 20. b5 Na5 21. Rxc7 Qxc7
22. Nfe5 Qb7 23. Bf3 Bxf3 24. Rxf3 Bxe5 25. Nxe5 Kg7 26. Qc2 f5 27. Rg3 Rf6 28.
h4 Kh7 29. Qc3 Kg7 30. d5 exd5 31. Nxg6 Kf7 32. Nh8+ Ke6 33. Rg8 Qd7 34. Rc8
Qxb5 35. Qc7 f4 36. Qb8 Nc6 37. Re8+ Ne7 38. exf4 d4 39. Qc8+ Qd7 40. Qc4+ Kf5
41. Qd3+ Kxf4 42. Qf3+ Ke5 43. Nf7+ Ke6 44. Nd8+ Ke5 45. Nf7+ Ke6 46. Qb3+ Kf5
47. Qh3+ 1-0

[Event "31.Schlosspark-Open"]
[Site "Wiesbaden-Biebrich"]
[Date "2019.08.23"]
[Round "3.27"]
[White "Chandler, Patrick"]
[Black "Kuehn, Matthias"]
[Result "0-1"]
[WhiteElo "2087"]
[BlackElo "1939"]
[PlyCount "66"]
[EventDate "2019.??.??"]
[WhiteTeam "SC Nied"]
[BlackTeam "SV Hürth-Berrenrath"]

1. e4 g6 2. d4 Bg7 3. Nc3 d6 4. Bc4 Nc6 5. Nge2 Nf6 6. f3 O-O 7. Be3 h6 8. Qd2
Kh7 9. g4 Nd7 10. h4 Nde5 11. dxe5 Nxe5 12. Rf1 Nxc4 13. Qc1 Nxe3 14. Qxe3 e5
15. h5 gxh5 16. Rh1 hxg4 17. O-O-O f5 18. exf5 Rxf5 19. fxg4 Qg5 20. Nd5 Qxe3+
21. Nxe3 Rg5 22. Rdg1 Be6 23. c4 Rg8 24. Nc3 e4 25. Ne2 Be5 26. Rh4 c6 27. Rgh1
R8g6 28. Rg1 d5 29. cxd5 cxd5 30. Rd1 Rf6 31. Kb1 Rf2 32. Nd4 Bxd4 33. Rxd4 Rf3
0-1

[Event "31.Schlosspark-Open"]
[Site "Wiesbaden-Biebrich"]
[Date "2019.08.23"]
[Round "3.28"]
[White "Berberich, Christoph"]
[Black "Wachsmann, Dietmar"]
[Result "1/2-1/2"]
[WhiteElo "1960"]
[BlackElo "2038"]
[PlyCount "88"]
[EventDate "2019.??.??"]
[WhiteTeam "SGEM Dreisamtal"]
[BlackTeam "SC Groß-Umstadt"]

1. d4 d5 2. Nf3 e6 3. c4 c6 4. e3 Nf6 5. Nbd2 Nbd7 6. Bd3 Bd6 7. O-O O-O 8. e4
e5 9. cxd5 cxd5 10. dxe5 Nxe5 11. Nxe5 Bxe5 12. exd5 Qxd5 13. Nf3 Bg4 14. Be2
Qe4 15. Re1 Rad8 16. Qb3 Be6 17. Qe3 Qxe3 18. Bxe3 Bb8 19. Nd4 Bg4 20. Bf3 Be5
21. Rad1 Rfe8 22. h3 Bxd4 23. hxg4 Bxe3 24. fxe3 h6 25. Rxd8 Rxd8 26. Re2 b6
27. Rc2 Kf8 28. Kf2 Ke7 29. b4 Ke6 30. a4 Rd6 31. Rc7 Rd2+ 32. Kg3 Rd7 33. Rc6+
Ke5 34. Rc4 Kd6 35. Rc6+ Ke7 36. a5 bxa5 37. bxa5 Ne8 38. Rc8 Rc7 39. Ra8 Nd6
40. a6 Kd7 41. Kf2 f6 42. Kg3 Nc4 43. Bb7 Nb6 44. Rxa7 Ke7 1/2-1/2

[Event "31.Schlosspark-Open"]
[Site "Wiesbaden-Biebrich"]
[Date "2019.08.23"]
[Round "3.29"]
[White "Haag, Martin"]
[Black "Pauly, Markus"]
[Result "1-0"]
[WhiteElo "2200"]
[BlackElo "1846"]
[PlyCount "59"]
[EventDate "2019.??.??"]
[WhiteTeam "SC Bonn Beuel"]
[BlackTeam "Sfr. Erbach"]

1. c4 g6 2. e4 Bg7 3. d4 d6 4. Nc3 Nf6 5. Nf3 O-O 6. Be2 e5 7. d5 Na6 8. O-O
Nc5 9. Qc2 a5 10. Bg5 h6 11. Be3 Ng4 12. Bxc5 dxc5 13. h3 Nf6 14. Nxe5 Qe7 15.
Nf3 Nd7 16. Bd3 Re8 17. Rae1 Ne5 18. Nxe5 Bxe5 19. f4 Bd4+ 20. Kh2 Bd7 21. e5
g5 22. g3 gxf4 23. gxf4 Qh4 24. Bf5 Bxf5 25. Qxf5 Bf2 26. Ne4 Bxe1 27. Rg1+ Kf8
28. e6 Ke7 29. Qxf7+ Kd8 30. Qd7# 1-0

[Event "31.Schlosspark-Open"]
[Site "Wiesbaden-Biebrich"]
[Date "2019.08.23"]
[Round "3.30"]
[White "Jahnel, Guenther"]
[Black "Hagner, Bennet"]
[Result "1/2-1/2"]
[WhiteElo "2188"]
[BlackElo "1847"]
[PlyCount "48"]
[EventDate "2019.??.??"]
[WhiteTeam "FVS ASP Hoyerswerda"]
[BlackTeam "Frankfurter TV"]

1. d4 d5 2. c4 c6 3. Nf3 Nf6 4. Nc3 e6 5. Bg5 dxc4 6. e4 b5 7. e5 h6 8. Bh4 g5
9. Nxg5 hxg5 10. Bxg5 Nbd7 11. g3 Bb7 12. Bg2 Qb6 13. exf6 O-O-O 14. O-O c5 15.
d5 b4 16. Na4 Qa6 17. a3 Bxd5 18. Bxd5 Ne5 19. axb4 Rxd5 20. Qe2 cxb4 21. h3
Qc6 22. f3 c3 23. Be3 Bd6 24. Ra2 Bb8 1/2-1/2

[Event "31.Schlosspark-Open"]
[Site "Wiesbaden-Biebrich"]
[Date "2019.08.23"]
[Round "3.31"]
[White "Hoffmann, Jens"]
[Black "Froehlich-Dill, Astrid"]
[Result "1-0"]
[WhiteElo "2143"]
[BlackElo "1866"]
[PlyCount "127"]
[EventDate "2019.??.??"]
[WhiteTeam "SF HN-Biberach"]
[BlackTeam "SV Hofheim"]

1. e4 g6 2. d4 Bg7 3. Nc3 d6 4. Be3 c6 5. Qd2 Nd7 6. f3 Ngf6 7. O-O-O h5 8. e5
Nd5 9. Nxd5 cxd5 10. exd6 exd6 11. Bd3 Nb6 12. Bg5 Bf6 13. h4 Be6 14. Qf4 Bxg5
15. hxg5 Qe7 16. g4 O-O-O 17. gxh5 Rxh5 18. Rxh5 gxh5 19. Qh4 Rg8 20. Nh3 Kc7
21. f4 Qd7 22. Nf2 Qa4 23. f5 Bd7 24. a3 Re8 25. Qxh5 Qxd4 26. Rd2 Re1+ 27. Nd1
Qf4 28. Qxf7 Nc4 29. Bxc4 dxc4 30. c3 Re2 31. Qd5 Bc6 32. Qd4 Qxg5 33. Qxd6+
Kb6 34. Qd4+ Kc7 35. Qd6+ Kb6 36. Qd8+ Qxd8 37. Rxd8 Ba4 38. f6 Bxd1 39. Rxd1
Rf2 40. Rd6+ Kc7 41. Re6 b5 42. a4 bxa4 43. Re4 Rxf6 44. Rxc4+ Kb6 45. Rxa4 a5
46. Kc2 Rf2+ 47. Kb3 Rf3 48. Rh4 Rf2 49. Ka3 Rf3 50. Ka4 Rf2 51. Rh6+ Kc5 52.
Rh5+ Kc4 53. Ka3 Rf1 54. Ka2 a4 55. Ra5 Kd3 56. Rxa4 Kc2 57. Ka3 Rb1 58. Rh4
Ra1+ 59. Kb4 Rf1 60. b3 Rf8 61. Rh2+ Kd3 62. Rh3+ Ke4 63. c4 Rb8+ 64. Kc3 1-0

[Event "31.Schlosspark-Open"]
[Site "Wiesbaden-Biebrich"]
[Date "2019.08.23"]
[Round "3.32"]
[White "Bauer, Claus"]
[Black "Schellen, Sven"]
[Result "1-0"]
[WhiteElo "2123"]
[BlackElo "1855"]
[PlyCount "29"]
[EventDate "2019.??.??"]
[WhiteTeam "SF Mainz"]
[BlackTeam "SV Frankfurt Nord"]

1. d4 d5 2. Nf3 c5 3. dxc5 Nc6 4. c3 e5 5. b4 a6 6. e4 d4 7. Bc4 Bg4 8. Qb3 Qd7
9. Nbd2 Nf6 10. Bb2 Bh5 11. cxd4 exd4 12. e5 Ng4 13. O-O Ngxe5 14. Nxe5 Nxe5
15. Rae1 1-0

[Event "31.Schlosspark-Open"]
[Site "Wiesbaden-Biebrich"]
[Date "2019.08.23"]
[Round "3.33"]
[White "Seidel, Martin"]
[Black "Schneider, Joerg"]
[Result "0-1"]
[WhiteElo "1827"]
[BlackElo "2127"]
[PlyCount "104"]
[EventDate "2019.??.??"]
[WhiteTeam "SV Hennef"]
[BlackTeam "SF Mainz"]

1. d4 Nf6 2. Bg5 Ne4 3. Bf4 c5 4. f3 Nf6 5. d5 d6 6. e4 Nbd7 7. c4 a6 8. Nc3
Rb8 9. Bd3 g6 10. Nge2 Nh5 11. Be3 Ne5 12. O-O Bg7 13. Rb1 O-O 14. b4 cxb4 15.
Rxb4 Nd7 16. Bd4 Bxd4+ 17. Nxd4 Qc7 18. Nce2 Qc5 19. Rb3 Nf4 20. Kh1 Ne5 21.
Nxf4 Qxd4 22. Be2 Qc5 23. Nd3 Nxd3 24. Qxd3 e5 25. Rfb1 f5 26. Qe3 Qxe3 27.
Rxe3 fxe4 28. fxe4 b5 29. cxb5 axb5 30. g3 Bd7 31. Kg2 Ra8 32. a3 Ra5 33. Rbb3
Rc8 34. g4 Rc2 35. Kg3 Ra2 36. h3 Kf7 37. Bf1 Ke7 38. Rec3 Ra1 39. Bd3 h5 40.
Be2 Ra2 41. Re3 hxg4 42. Bxg4 Bxg4 43. hxg4 Kf6 44. Kh4 Rh2+ 45. Kg3 Rh1 46.
Rb4 Kg5 47. Reb3 Rg1+ 48. Kf3 Ra8 49. Rxb5 Rf8+ 50. Ke2 Rg2+ 51. Kd3 Rxg4 52.
R5b4 Rf3+ 0-1

[Event "31.Schlosspark-Open"]
[Site "Wiesbaden-Biebrich"]
[Date "2019.08.23"]
[Round "3.34"]
[White "Flach, Erich"]
[Black "Schmieder, Stefan"]
[Result "1-0"]
[WhiteElo "2081"]
[BlackElo "1847"]
[PlyCount "55"]
[EventDate "2019.??.??"]
[WhiteTeam "SV Griesheim"]
[BlackTeam "vereinslos"]

1. c4 e5 2. g3 Nc6 3. Nc3 Bc5 4. Nf3 d6 5. Bg2 a6 6. O-O Nf6 7. a3 O-O 8. b4
Ba7 9. d3 h6 10. Bb2 Ne7 11. Rc1 Nf5 12. e3 Nxe3 13. fxe3 Bxe3+ 14. Kh1 Bxc1
15. Bxc1 Bg4 16. h3 Bd7 17. Nh4 c6 18. Qf3 Nh7 19. Nf5 Bxf5 20. Qxf5 Qc8 21.
Ne4 Qxf5 22. Rxf5 g6 23. Rf2 d5 24. cxd5 cxd5 25. Nc5 b6 26. Nd7 Rac8 27. Bxh6
Rfd8 28. Nxb6 1-0

[Event "31.Schlosspark-Open"]
[Site "Wiesbaden-Biebrich"]
[Date "2019.08.23"]
[Round "3.35"]
[White "Knoedler, Marcel"]
[Black "Pioch, Thomas"]
[Result "1-0"]
[WhiteElo "1647"]
[BlackElo "2074"]
[PlyCount "109"]
[EventDate "2019.??.??"]
[WhiteTeam "FC Bierstadt"]
[BlackTeam "SF Mainz"]

1. d4 e6 2. c4 f5 3. g3 Nf6 4. Bg2 d5 5. Nf3 c6 6. O-O Bd6 7. c5 Bc7 8. b3 O-O
9. Bf4 Nbd7 10. Ne5 Nxe5 11. Bxe5 Bxe5 12. dxe5 Nd7 13. Qd4 Qc7 14. f4 b6 15.
cxb6 Qxb6 16. e3 Ba6 17. Rc1 c5 18. Qd2 Kh8 19. Nc3 Qa5 20. Qd1 Rad8 21. Bf1
Bb7 22. Nb5 Ba8 23. Qe1 Qb6 24. Nd6 Bc6 25. Qe2 g6 26. Rc2 Rb8 27. Rac1 Kg7 28.
h3 Rg8 29. g4 Rbf8 30. gxf5 Rxf5 31. Nxf5+ gxf5 32. Qa6 Kf7+ 33. Kf2 Bb7 34.
Qxb6 axb6 35. Bb5 Nb8 36. Rg1 Rg6 37. Rxg6 hxg6 38. a4 Ba6 39. Bxa6 Nxa6 40.
Ke2 Nb4 41. Rc1 Nc6 42. h4 Kg7 43. Kd2 Kh6 44. Rg1 d4 45. exd4 Nxd4 46. Rg3 Kh5
47. Rd3 Kg4 48. Rxd4 cxd4 49. b4 Kxf4 50. a5 bxa5 51. bxa5 Kg3 52. a6 f4 53. a7
f3 54. a8=Q f2 55. Qh1 1-0

[Event "31.Schlosspark-Open"]
[Site "Wiesbaden-Biebrich"]
[Date "2019.08.23"]
[Round "3.36"]
[White "Schmidt, Markus"]
[Black "Bjoerknes, Uwe"]
[Result "1/2-1/2"]
[WhiteElo "2072"]
[BlackElo "1825"]
[PlyCount "87"]
[EventDate "2019.??.??"]
[WhiteTeam "SK Niederbrechen"]
[BlackTeam "SK Bad Homburg"]

1. c4 Nf6 2. g3 c5 3. Bg2 Nc6 4. Nc3 e5 5. Nf3 g6 6. O-O Bg7 7. Ne1 d6 8. Nc2
O-O 9. Ne3 Rb8 10. Rb1 Ng4 11. Ned5 f5 12. d3 a6 13. a3 Nd4 14. e3 Ne6 15. b4
Bd7 16. bxc5 Nxc5 17. Bb2 Bc6 18. Na2 Ba4 19. Qe2 Bb3 20. Nac3 h5 21. Ba1 h4
22. Qd2 hxg3 23. hxg3 Qg5 24. f4 Qh5 25. Bf3 Qh3 26. Qg2 Qxg2+ 27. Kxg2 Bc2 28.
Rb6 Bxd3 29. Rd1 Rbd8 30. Bxg4 fxg4 31. Nb4 e4 32. Nxd3 exd3 33. Nd5 Rfe8 34.
Nf6+ Bxf6 35. Bxf6 Rd7 36. Bd4 Kf7 37. Rh1 Re4 38. Kf2 Ne6 39. Rh7+ Ke8 40.
Rxd7 Kxd7 41. Rxb7+ Kc8 42. Rb1 Nxd4 43. exd4 Kc7 44. Rd1 1/2-1/2

[Event "31.Schlosspark-Open"]
[Site "Wiesbaden-Biebrich"]
[Date "2019.08.23"]
[Round "3.37"]
[White "Foerster-Yialamas, Lucas"]
[Black "Koerbel, Ekkehard"]
[Result "1/2-1/2"]
[WhiteElo "2056"]
[BlackElo "1820"]
[PlyCount "82"]
[EventDate "2019.??.??"]
[WhiteTeam "Frankfurter TV"]
[BlackTeam "SK Geisenheim"]

1. e4 e5 2. Nf3 Nc6 3. Bb5 g6 4. O-O Bg7 5. c3 a6 6. Ba4 d6 7. h3 Nf6 8. d4 Bd7
9. Bc2 O-O 10. Re1 Re8 11. Nbd2 exd4 12. cxd4 Nb4 13. Bb1 Bb5 14. Nf1 a5 15.
Ng3 d5 16. e5 Nd7 17. a3 Nc6 18. Ba2 Nb6 19. Bg5 Qd7 20. Qd2 Nd8 21. Bh6 Ne6
22. Nh2 f5 23. exf6 Bxf6 24. Ng4 Bh8 25. Be3 a4 26. Nh6+ Kg7 27. Qd1 Bc4 28.
Qg4 Kf8 29. Qf3+ Ke7 30. Bg5+ Kd6 31. Nf7+ Kc6 32. Bxc4 Nxc4 33. Rac1 Kb6 34.
Nxh8 Rxh8 35. Qf6 Rhe8 36. Re2 c6 37. Bh6 Nc7 38. Ne4 Qf5 39. Qxf5 gxf5 40. Nc3
Rxe2 41. Nxe2 Nb5 1/2-1/2

[Event "31.Schlosspark-Open"]
[Site "Wiesbaden-Biebrich"]
[Date "2019.08.23"]
[Round "3.38"]
[White "Schubert, Wolfgang"]
[Black "Waffenschmidt, Joachim"]
[Result "1/2-1/2"]
[WhiteElo "1820"]
[BlackElo "1994"]
[PlyCount "42"]
[EventDate "2019.??.??"]
[WhiteTeam "Wiesbadener SV"]
[BlackTeam "SV Hofheim"]

1. e4 c5 2. Nf3 d6 3. d4 cxd4 4. Nxd4 Nf6 5. Nc3 a6 6. Be3 e5 7. Nb3 Be7 8. Be2
Be6 9. O-O Nbd7 10. f4 exf4 11. Bxf4 O-O 12. Qd2 Rc8 13. h3 b5 14. Bd3 Ne5 15.
Rad1 Nxd3 16. cxd3 Bxb3 17. axb3 Qb6+ 18. Be3 Qb7 19. Ne2 Nd7 20. Nd4 d5 21.
Nf5 Rfe8 1/2-1/2

[Event "31.Schlosspark-Open"]
[Site "Wiesbaden-Biebrich"]
[Date "2019.08.23"]
[Round "3.39"]
[White "Bischoff, Ulrich"]
[Black "Hipler, Andreas"]
[Result "1/2-1/2"]
[WhiteElo "2050"]
[BlackElo "1801"]
[PlyCount "53"]
[EventDate "2019.??.??"]
[WhiteTeam "Sfr. Erbach"]
[BlackTeam "SK Gau-Algesheim"]

1. d4 Nf6 2. c4 e6 3. Nf3 b6 4. g3 Ba6 5. Qc2 Bb4+ 6. Bd2 Qe7 7. Bg2 Bb7 8. O-O
Bxd2 9. Nbxd2 d6 10. b4 Nbd7 11. Rac1 c5 12. bxc5 dxc5 13. e3 O-O 14. Rfd1 Rfd8
15. Nh4 Bxg2 16. Nxg2 cxd4 17. exd4 Qa3 18. Qb3 Qa5 19. Ne3 Rac8 20. Qb1 Rc7
21. Nb3 Qh5 22. Kg2 Rdc8 23. h3 Qg6 24. Qxg6 hxg6 25. Rc2 Kf8 26. Rdc1 Ke7 27.
h4 1/2-1/2

[Event "31.Schlosspark-Open"]
[Site "Wiesbaden-Biebrich"]
[Date "2019.08.23"]
[Round "3.40"]
[White "Merges, Harald"]
[Black "Tepe, Josef"]
[Result "1-0"]
[WhiteElo "1797"]
[BlackElo "2044"]
[PlyCount "43"]
[EventDate "2019.??.??"]
[WhiteTeam "SG Reil-Kinheim"]
[BlackTeam "SC Taunusstein"]

1. e4 c5 2. c3 Nf6 3. e5 Nd5 4. d4 cxd4 5. Nf3 e6 6. cxd4 b6 7. Bd2 Be7 8. Nc3
Nxc3 9. Bxc3 O-O 10. Bd3 Ba6 11. O-O d5 12. a4 Bxd3 13. Qxd3 Nc6 14. Qb5 Rc8
15. Rac1 Rc7 16. h3 Qc8 17. Bd2 Qb7 18. a5 Rb8 19. a6 Qc8 20. Rc3 Bb4 21. Rxc6
Bxd2 22. Rxc7 1-0

[Event "31.Schlosspark-Open"]
[Site "Wiesbaden-Biebrich"]
[Date "2019.08.23"]
[Round "3.41"]
[White "Iliev, Mustafa Batuhan"]
[Black "Ohler, Julius"]
[Result "1-0"]
[WhiteElo "2028"]
[BlackElo "1798"]
[PlyCount "59"]
[EventDate "2019.??.??"]
[WhiteTeam "SV Großauheim"]
[BlackTeam "SG Trier"]

1. e4 d5 2. exd5 Qxd5 3. Nf3 Bg4 4. Be2 Nc6 5. d4 O-O-O 6. c4 Qd6 7. d5 Ne5 8.
Nd4 Bxe2 9. Qxe2 a6 10. O-O Nd7 11. Rd1 g6 12. Be3 Bg7 13. Nc3 Ngf6 14. Nb3 Nb8
15. c5 Qe5 16. Qc4 c6 17. dxc6 Nxc6 18. Na4 Nd7 19. Nd4 Qf6 20. Bg5 Qxg5 21.
Nxc6 bxc6 22. Qxa6+ Kb8 23. Rd3 Nxc5 24. Qb6+ Nb7 25. Rb3 Rd7 26. Nc5 Rhd8 27.
Na6+ Ka8 28. Nc7+ Rxc7 29. Qxc7 Qb5 30. Ra3+ 1-0

[Event "31.Schlosspark-Open"]
[Site "Wiesbaden-Biebrich"]
[Date "2019.08.23"]
[Round "3.42"]
[White "Zeyen, Helmut"]
[Black "Marzahn, Heiko"]
[Result "1-0"]
[WhiteElo "1796"]
[BlackElo "2041"]
[PlyCount "82"]
[EventDate "2019.??.??"]
[WhiteTeam "Wiesbadener SV"]
[BlackTeam "Sfr. Erbach"]

1. e4 e5 2. Nf3 Nc6 3. Nc3 Nf6 4. a3 a6 5. d3 d5 6. Bg5 dxe4 7. dxe4 Be7 8.
Qxd8+ Bxd8 9. Bxf6 Bxf6 10. Nd5 Bd8 11. h3 O-O 12. g4 Be6 13. Bd3 Re8 14. Ne3
b5 15. h4 Nd4 16. Nxd4 exd4 17. Nf5 c5 18. f3 Bc7 19. Kf2 Bf4 20. g5 Rad8 21.
b3 Bd2 22. Kg3 h5 23. Rad1 Ba5 24. Bf1 g6 25. Nh6+ Kg7 26. f4 Bc7 27. Rh2 Re7
28. Rhd2 f6 29. Bd3 Rf8 30. Rf1 c4 31. bxc4 bxc4 32. Be2 Rd7 33. Kf3 fxg5 34.
f5 Kxh6 35. hxg5+ Kg7 36. f6+ Kf7 37. Kg2 Rb8 38. Rh1 Bf4 39. Rdd1 Bxg5 40.
Bxh5 gxh5 41. Rxh5 Kxf6 1-0

[Event "31.Schlosspark-Open"]
[Site "Wiesbaden-Biebrich"]
[Date "2019.08.23"]
[Round "3.43"]
[White "Meyer, Marcel"]
[Black "Papadopoulos, Ioannis"]
[Result "1/2-1/2"]
[WhiteElo "1770"]
[BlackElo "1921"]
[PlyCount "136"]
[EventDate "2019.??.??"]
[WhiteTeam "SC Herborn"]
[BlackTeam "SV Oberursel"]

1. d4 Nf6 2. c4 e6 3. Nc3 Bb4 4. f3 Bxc3+ 5. bxc3 d5 6. Bg5 Nbd7 7. cxd5 exd5
8. Qd3 c6 9. Qe3+ Qe7 10. Qxe7+ Kxe7 11. e4 dxe4 12. fxe4 h6 13. Bxf6+ Nxf6 14.
Bd3 Re8 15. O-O-O Kf8 16. e5 Nd5 17. Kd2 Bg4 18. Ne2 Rad8 19. h3 Bxe2 20. Bxe2
Nf4 21. g3 Nxe2 22. Kxe2 f6 23. Rhf1 Kg8 24. Rf5 Rd5 25. Kf3 fxe5 26. Re1 e4+
27. Kg4 Rxf5 28. Kxf5 Rf8+ 29. Kg4 Rf2 30. Rxe4 Rxa2 31. Re7 Rb2 32. Kf5 Kh7
33. c4 Rf2+ 34. Ke6 Re2+ 35. Kd6 Rxe7 36. Kxe7 a5 37. d5 cxd5 38. cxd5 a4 39.
d6 a3 40. d7 a2 41. d8=Q a1=Q 42. Qd3+ g6 43. Qe4 Qg7+ 44. Kd6 h5 45. g4 hxg4
46. hxg4 Qf6+ 47. Kc5 Kh6 48. Qxb7 Qg5+ 49. Kd4 Qxg4+ 50. Ke3 Qf5 51. Qh1+ Kg5
52. Qg2+ Qg4 53. Qd5+ Kh4 54. Qg8 g5 55. Kf2 Qg3+ 56. Kf1 Qf4+ 57. Kg2 Qg3+ 58.
Kf1 Qf3+ 59. Kg1 Qe2 60. Qh7+ Kg3 61. Qc7+ Kf3 62. Qf7+ Kg4 63. Qd7+ Kh4 64.
Qh7+ Qh5 65. Qe4+ Kg3 66. Qg2+ Kf4 67. Qd2+ Ke4 68. Qc2+ Ke5 1/2-1/2

[Event "31.Schlosspark-Open"]
[Site "Wiesbaden-Biebrich"]
[Date "2019.08.23"]
[Round "3.44"]
[White "Meaubert, Thomas"]
[Black "Geltz, Noah"]
[Result "0-1"]
[WhiteElo "1779"]
[BlackElo "2033"]
[PlyCount "50"]
[EventDate "2019.??.??"]
[WhiteTeam "SC Flörsheim"]
[BlackTeam "SF HN-Biberach"]

1. c4 c5 2. Nc3 Nc6 3. g3 g6 4. Bg2 Bg7 5. a3 d6 6. d3 e5 7. e3 Nge7 8. Nge2
O-O 9. Nd5 Nxd5 10. cxd5 Ne7 11. Rb1 f5 12. O-O b6 13. f4 Bb7 14. e4 Rc8 15. b3
fxe4 16. dxe4 c4 17. bxc4 Rxc4 18. Bb2 Qd7 19. Qd2 Rfc8 20. Rfc1 Qb5 21. fxe5
dxe5 22. h3 Ba6 23. Bf3 Qb3 24. Kg2 Rc2 25. Bc3 Qxc3 0-1

[Event "31.Schlosspark-Open"]
[Site "Wiesbaden-Biebrich"]
[Date "2019.08.23"]
[Round "3.45"]
[White "Haack, Kevin"]
[Black "Rabiya, Karim"]
[Result "1-0"]
[WhiteElo "2031"]
[BlackElo "1797"]
[PlyCount "55"]
[EventDate "2019.??.??"]
[WhiteTeam "SC Bad Soden"]
[BlackTeam "SK Niederbrechen"]

1. c4 e5 2. Nc3 Nc6 3. Nf3 Nf6 4. e4 d6 5. h3 Be7 6. d4 exd4 7. Nxd4 Bd7 8. Be3
O-O 9. Be2 Re8 10. Qc2 Nxd4 11. Bxd4 Bc6 12. Nd5 Nxd5 13. exd5 Bd7 14. O-O Bf6
15. Be3 Bg5 16. Bd3 g6 17. Bxg5 Qxg5 18. f4 Qf6 19. f5 Qd4+ 20. Kh1 Re3 21.
Rad1 Rae8 22. fxg6 f6 23. gxh7+ Kg7 24. Bg6 Qh4 25. Bxe8 Bxe8 26. Qf2 Qg5 27.
Qxf6+ Qxf6 28. Rxf6 1-0

[Event "31.Schlosspark-Open"]
[Site "Wiesbaden-Biebrich"]
[Date "2019.08.23"]
[Round "3.46"]
[White "Schwenk, Stefan"]
[Black "Yaghi, Rita"]
[Result "0-1"]
[WhiteElo "1733"]
[BlackElo "1989"]
[PlyCount "108"]
[EventDate "2019.??.??"]
[WhiteTeam "SK Geisenheim"]
[BlackTeam "SK Marburg"]

1. c4 e6 2. g3 d5 3. cxd5 exd5 4. Bg2 Nf6 5. e3 c6 6. Ne2 Bf5 7. Nbc3 Na6 8. a3
Nc5 9. O-O Bd6 10. d4 Nce4 11. f3 Nxc3 12. Nxc3 h5 13. e4 dxe4 14. fxe4 Bg4 15.
Qb3 Bc7 16. Be3 Bb6 17. Qc4 h4 18. e5 Be6 19. Qd3 Ng4 20. Rad1 Qe7 21. Ne4
O-O-O 22. Bg5 Rxd4 23. Bxe7 Rxd3+ 24. Bc5 Rxd1 25. Rxd1 hxg3 26. hxg3 Nxe5 27.
Bxb6 axb6 28. Kf2 Kc7 29. Ng5 Bb3 30. Rd4 f6 31. Nf3 Nxf3 32. Bxf3 Be6 33. Ke3
Rh2 34. b4 Ra2 35. Rd3 Rb2 36. Bd1 c5 37. Rc3 Kc6 38. Ba4+ Kd6 39. Rd3+ Bd5 40.
bxc5+ bxc5 41. Bd1 Ke5 42. Bf3 Bxf3 43. Kxf3 c4 44. Rd7 g5 45. Rc7 Kd4 46. Rf7
Rb6 47. Ke2 Kc3 48. a4 Kb2 49. a5 Rb5 50. Rxf6 c3 51. Kd3 c2 52. Rf2 Rd5+ 53.
Kc4 Rd6 54. Kb4 Kb1 0-1

[Event "31.Schlosspark-Open"]
[Site "Wiesbaden-Biebrich"]
[Date "2019.08.23"]
[Round "3.47"]
[White "Krischak, Werner"]
[Black "Pfeffer, Marko"]
[Result "0-1"]
[WhiteElo "1738"]
[BlackElo "2025"]
[PlyCount "100"]
[EventDate "2019.??.??"]
[WhiteTeam "SK Marburg"]
[BlackTeam "SC Bergen-Enkheim"]

1. d4 Nf6 2. Nf3 e6 3. c4 d5 4. Nc3 Bb4 5. Qc2 dxc4 6. e4 c5 7. dxc5 Qa5 8. Nd2
Nc6 9. Nxc4 Qxc5 10. Be3 Qe7 11. Be2 O-O 12. O-O Bxc3 13. bxc3 e5 14. Bg5 h6
15. Bh4 Be6 16. Ne3 Rac8 17. Qb2 g5 18. Nd5 Nxd5 19. exd5 Bxd5 20. Bg3 Rfe8 21.
Bd3 Rcd8 22. Rad1 e4 23. Bb5 Qc5 24. c4 Bxc4 25. Bxc4 Qxc4 26. Qxb7 Nd4 27. Qb2
Qc2 28. Qa1 Ne2+ 29. Kh1 Rxd1 30. Rxd1 Nxg3+ 31. fxg3 e3 32. Re1 Qf2 33. Rf1
Qc2 34. Qf6 Qc4 35. Re1 Re6 36. Qb2 a5 37. Qb3 Qd4 38. Qd1 Qd2 39. Qe2 a4 40.
h3 a3 41. Kh2 Kg7 42. Qxd2 exd2 43. Rd1 Rb6 44. Rxd2 Rb2 45. Rd6 Rxa2 46. Ra6
h5 47. g4 h4 48. Kg1 Ra1+ 49. Kf2 a2 50. Ke2 Rg1 0-1

[Event "31.Schlosspark-Open"]
[Site "Wiesbaden-Biebrich"]
[Date "2019.08.23"]
[Round "3.48"]
[White "Oparaugo, Thomas"]
[Black "Scheer, Walter"]
[Result "1-0"]
[WhiteElo "2005"]
[BlackElo "1796"]
[PlyCount "52"]
[EventDate "2019.??.??"]
[WhiteTeam "SV Oberursel"]
[BlackTeam "SK Mainaschaff"]

1. e4 c5 2. Nf3 g6 3. d4 cxd4 4. Nxd4 Nc6 5. c4 Bg7 6. Be3 Nf6 7. Nc3 d6 8. Be2
O-O 9. Qd2 Bd7 10. f3 Nxd4 11. Bxd4 a5 12. Rd1 Bc6 13. g4 Nd7 14. Bxg7 Kxg7 15.
h4 f6 16. g5 Qb6 17. h5 f5 18. h6+ Kh8 19. Nd5 Bxd5 20. Qc3+ e5 21. Rxd5 Nc5
22. Rxe5 Na4 23. Rb5+ Nxc3 24. Rxb6 Nxa2 25. Kd2 fxe4 26. fxe4 Rae8 1-0

[Event "31.Schlosspark-Open"]
[Site "Wiesbaden-Biebrich"]
[Date "2019.08.23"]
[Round "3.49"]
[White "Philipp, Nils"]
[Black "Markosyan, Aleksandr"]
[Result "1-0"]
[WhiteElo "2017"]
[BlackElo "1730"]
[PlyCount "61"]
[EventDate "2019.??.??"]
[WhiteTeam "Frankfurter TV"]
[BlackTeam "SG Idstein"]

1. e4 c5 2. d4 cxd4 3. c3 dxc3 4. Nxc3 Nc6 5. Nf3 g6 6. Bc4 e6 7. Bf4 a6 8. O-O
Nge7 9. Qe2 b5 10. Bxb5 axb5 11. Nxb5 d6 12. Nxd6+ Kd7 13. Nxf7 Ba6 14. Qd2+
Ke8 15. Nxd8 Rxd8 16. Qc3 Rg8 17. Rfd1 Rc8 18. Qb3 Be2 19. Qxe6 Bxd1 20. Rxd1
Rd8 21. Rxd8+ Kxd8 22. b4 Ke8 23. b5 Nd8 24. Qc4 Rg7 25. Ne5 g5 26. Bxg5 Rxg5
27. f4 Rg7 28. b6 Ng6 29. Qb5+ Ke7 30. Qd7+ Kf6 31. Ng4# 1-0

[Event "31.Schlosspark-Open"]
[Site "Wiesbaden-Biebrich"]
[Date "2019.08.23"]
[Round "3.50"]
[White "Bakiev, Diyor"]
[Black "Wachsmann, Elmar"]
[Result "1-0"]
[WhiteElo "2014"]
[BlackElo "1783"]
[PlyCount "71"]
[EventDate "2019.??.??"]
[WhiteTeam "Wiesbadener SV"]
[BlackTeam "SC Groß-Umstadt"]

1. e4 e5 2. Nf3 Nc6 3. Bb5 a6 4. Ba4 Nf6 5. Qe2 b5 6. Bb3 Be7 7. O-O d6 8. c3
Na5 9. Bc2 c5 10. d3 O-O 11. Rd1 Qc7 12. h3 Bd7 13. Nbd2 Rac8 14. Nf1 Nc6 15.
g4 g6 16. Ng3 b4 17. Kh2 Nd8 18. Bh6 Bxg4 19. Bxf8 Bxf3 20. Qxf3 Kxf8 21. Bb3
bxc3 22. bxc3 Qd7 23. a4 h5 24. Bc4 Ra8 25. Qe3 Nh7 26. Qh6+ Kg8 27. Qxg6+ Kh8
28. Qxh5 Bg5 29. Nf5 Ne6 30. Rg1 Rb8 31. Bxe6 Bf4+ 32. Kh1 fxe6 33. Rg7 Qxg7
34. Nxg7 Kxg7 35. Rg1+ Kh8 36. Qg6 1-0

[Event "31.Schlosspark-Open"]
[Site "Wiesbaden-Biebrich"]
[Date "2019.08.23"]
[Round "3.51"]
[White "Eveleens, Wim"]
[Black "Rowland, Anthony"]
[Result "1/2-1/2"]
[WhiteElo "1999"]
[BlackElo "1776"]
[PlyCount "52"]
[EventDate "2019.??.??"]
[WhiteTeam "Amstel"]
[BlackTeam "SC Taunusstein"]

1. c4 c5 2. g3 g6 3. Nc3 Nc6 4. d3 Bg7 5. Bg2 Nf6 6. e4 O-O 7. Nge2 d6 8. O-O
Bg4 9. f3 Bd7 10. Be3 Qc8 11. b3 Bh3 12. d4 Bxg2 13. Kxg2 cxd4 14. Nxd4 Ne5 15.
Rc1 Qd7 16. Qd2 Rfc8 17. h3 Nc6 18. Rfd1 Rd8 19. Nde2 Qe8 20. Nf4 e6 21. Nb5
Qe7 22. Nxd6 Rd7 23. c5 Ne8 24. b4 Rad8 25. Qe1 Nxd6 26. cxd6 Rxd6 1/2-1/2

[Event "31.Schlosspark-Open"]
[Site "Wiesbaden-Biebrich"]
[Date "2019.08.23"]
[Round "3.52"]
[White "Michalski, Uwe"]
[Black "Fischer, Daniel"]
[Result "1/2-1/2"]
[WhiteElo "1730"]
[BlackElo "2003"]
[PlyCount "47"]
[EventDate "2019.??.??"]
[WhiteTeam "SF Mainz"]
[BlackTeam "SVG Offenburg"]

1. c4 c5 2. g3 g6 3. Bg2 Bg7 4. Nc3 Nc6 5. a3 a6 6. e3 Rb8 7. Nge2 b5 8. cxb5
axb5 9. O-O b4 10. axb4 cxb4 11. Ne4 Nf6 12. d4 Nxe4 13. Bxe4 d5 14. Bg2 e6 15.
b3 Qb6 16. Nf4 O-O 17. h4 Ba6 18. Re1 Rfc8 19. Bb2 Bf8 20. Qg4 f5 21. Qg5 Be7
22. Qh6 Bf8 23. Qg5 Be7 24. Qh6 1/2-1/2